Ngắn mạch trong hệ thống điện : (Sách được dùng cho sinh viên Đại học Bách khoa Hà Nội và các trường ĐH khác)
Nội dung sách gồm các chương sau: Khái niệm về ngắn mạch và dòng điện ngắn mạch trong hệ thống điện; Thiết lập sơ đồ tính toán ngắn mạch hệ thống điện; tính toán ngắn mạch ba pha duy trì; quá trình quá độ điện từ các thông số của má...
Tallennettuna:
| Päätekijä: | |
|---|---|
| Aineistotyyppi: | Kirja |
| Kieli: | Undetermined |
| Julkaistu: |
Hà Nội
Khoa học và kỹ thuật
2007
|
| Aiheet: | |
| Tagit: |
Lisää tagi
Ei tageja, Lisää ensimmäinen tagi!
|
| Thư viện lưu trữ: | Trung tâm Học liệu Trường Đại học Cần Thơ |
|---|
| LEADER | 01280nam a2200217Ia 4500 | ||
|---|---|---|---|
| 001 | CTU_132239 | ||
| 008 | 210402s9999 xx 000 0 und d | ||
| 020 | |c 37000 | ||
| 082 | |a 621.3192 | ||
| 082 | |b U522 | ||
| 100 | |a Lã, Văn Út | ||
| 245 | 0 | |a Ngắn mạch trong hệ thống điện : | |
| 245 | 0 | |b (Sách được dùng cho sinh viên Đại học Bách khoa Hà Nội và các trường ĐH khác) | |
| 245 | 0 | |c Lã Văn Út | |
| 260 | |a Hà Nội | ||
| 260 | |b Khoa học và kỹ thuật | ||
| 260 | |c 2007 | ||
| 520 | |a Nội dung sách gồm các chương sau: Khái niệm về ngắn mạch và dòng điện ngắn mạch trong hệ thống điện; Thiết lập sơ đồ tính toán ngắn mạch hệ thống điện; tính toán ngắn mạch ba pha duy trì; quá trình quá độ điện từ các thông số của máy phát điện khi ngắn mạch ba pha; Tính toán dòng điện ngắn mạch quá độ; ngắn mạch không đối xứng. | ||
| 650 | |a Electric circuits,Electric engineering,Mạch điện,Kỹ thuật điện | ||
| 904 | |i Tuyến | ||
| 980 | |a Trung tâm Học liệu Trường Đại học Cần Thơ | ||